Score 0/22 Timer 02:00
0 Plays Today
Hint Answer % Correct
Fly like an eagleSOAR
93.3%
Unwanted TV air type?DEAD
93%
❤ Heart and ____❤ SOUL ❤
92%
❤ Wedding band? ❤❤ RING ❤
90.4%
TartSOUR
88.7%
BreezeWIND
87.8%
The ties that ____BIND
85%
❤ Man and ____❤ WIFE ❤
84.9%
Peruse textREAD
83%
Crooner CrosbyBING
82.7%
____ and rosesWINE
81.9%
Hint Answer % Correct
Fondly belovedDEAR
81.8%
Melon skinRIND
80.4%
CharSEAR
80%
RipREND
72.5%
❤ Covalent, ionic, e.g. ❤❤ BOND ❤
66.5%
HookahBONG
62.6%
Emery boardFILE
60.2%
Pipe instrumentFIFE
58%
❤ Companion ❤❤ MATE ❤
55.3%
One with a Y chromosomeMALE
54%
5,280 feetMILE
50.8%

Today's Daily Dose

Remove Ads.
Support Sporcle.
Get the best of Sporcle when you Go Orange. This ad-free experience offers more features, more stats, and more fun while also helping to support Sporcle. Thank you for becoming a member.

You're not logged in!

Compare scores with friends on all Sporcle quizzes.
OR
Log In

Show Comments

Extras

Top Quizzes Today


Score Distribution

Your Account Isn't Verified!

In order to create a playlist on Sporcle, you need to verify the email address you used during registration. Go to your Sporcle Settings to finish the process.

Report this User

Report this user for behavior that violates our Community Guidelines.

Details: